00901cam a22002651 450000100100000000500170001000800410002703500190006803500190008704000410010605000160014708200160016310000330017924500820021226000570029430000410035149000200039250500600041265000490047265000300052165000210055170000300057283000200060208200130062200001800620200929165320.0750411s1944 ag cf 000 0 spa  a(DLC) 45009593 a(OCoLC)1267941 aDO-SdBNPcNNepaSUdOCoLCdDLCdBNPHU00aPQ6184b.A6 axxxxbA334e1 aAlberti, Rafael,d1902-1999.10aEglogas y fabulas castellanas ... /cSeleccion y prólogo Rafael Alberti ... aBuenos Aires, Argentina :bEditorial Pleamar,c1944. a2 v. :bretrs., láminas. ;c21 cm.0 aColeccion Mirto0 av. 1 Siglos XVI y XVII.--v. 2 Siglos XVII, XVIII y XIX. 0aSpanish poetryyClassical period, 1500-1700. 0aPastoral poetry, spanish. 0aFables, spanish.1 aAlberti, Rafael,epról. 0aColeccion Mirto0 a861.3082